Chirambahuyo : (Record no. 121842)
[ view plain ]
| 000 -LEADER | |
|---|---|
| fixed length control field | 01118cam a2200301 a 4500 |
| 001 - CONTROL NUMBER | |
| control field | 3757682 |
| 003 - CONTROL NUMBER IDENTIFIER | |
| control field | ARRUPE |
| 005 - DATE AND TIME OF LATEST TRANSACTION | |
| control field | 20150121115722.0 |
| 008 - FIXED-LENGTH DATA ELEMENTS--GENERAL INFORMATION | |
| fixed length control field | 820520s1981 rh af b 000 0 eng |
| 010 ## - LIBRARY OF CONGRESS CONTROL NUMBER | |
| LC control number | 82156190 |
| 040 ## - CATALOGING SOURCE | |
| Original cataloging agency | DLC |
| Transcribing agency | DLC |
| Modifying agency | DLC |
| 043 ## - GEOGRAPHIC AREA CODE | |
| Geographic area code | f-rh--- |
| 050 00 - LIBRARY OF CONGRESS CALL NUMBER | |
| Classification number | HD7374.5.C46 |
| Item number | P37 1981 |
| 082 00 - DEWEY DECIMAL CLASSIFICATION NUMBER | |
| Classification number | 307/.336 |
| Edition number | 19 |
| 300 ## - PHYSICAL DESCRIPTION | |
| Other physical details | ill. ; |
| Dimensions | 22 cm. |
| 100 1# - MAIN ENTRY--PERSONAL NAME | |
| Personal name | Patel, Diana H. |
| 9 (RLIN) | 14453 |
| 245 10 - TITLE STATEMENT | |
| Title | Chirambahuyo : |
| Remainder of title | a case study in low-income housing / |
| Statement of responsibility, etc | by Diana H. Patel and R.J. Adams with the assistance of D. Masarirambi ; with a foreword by E.J.M. Zvobgo. |
| 260 ## - PUBLICATION, DISTRIBUTION, ETC. (IMPRINT) | |
| Place of publication, distribution, etc | Gwelo : |
| Name of publisher, distributor, etc | Mambo Press, |
| Date of publication, distribution, etc | 1981. |
| 300 ## - PHYSICAL DESCRIPTION | |
| Extent | xi, 99 p., [8] leaves of plates : |
| 440 #0 - SERIES STATEMENT/ADDED ENTRY--TITLE | |
| Title | Zambeziana ; |
| Volume number/sequential designation | v. 11 |
| 9 (RLIN) | 14454 |
| 504 ## - BIBLIOGRAPHY, ETC. NOTE | |
| Bibliography, etc | Includes bibliographical references. |
| 650 #0 - SUBJECT ADDED ENTRY--TOPICAL TERM | |
| Topical term or geographic name as entry element | Low-income housing |
| Geographic subdivision | Zimbabwe |
| -- | Chirambahuyo. |
| 9 (RLIN) | 14455 |
| 650 #0 - SUBJECT ADDED ENTRY--TOPICAL TERM | |
| Topical term or geographic name as entry element | Squatter settlements |
| Geographic subdivision | Zimbabwe |
| -- | Chirambahuyo. |
| 9 (RLIN) | 14456 |
| 651 #0 - SUBJECT ADDED ENTRY--GEOGRAPHIC NAME | |
| Geographic name | Chirambahuyo (Zimbabwe) |
| General subdivision | Social conditions. |
| 9 (RLIN) | 14457 |
| 700 1# - ADDED ENTRY--PERSONAL NAME | |
| Personal name | Adams, R. J. |
| 9 (RLIN) | 14458 |
| 700 1# - ADDED ENTRY--PERSONAL NAME | |
| Personal name | Masarirambi, D. |
| 9 (RLIN) | 14459 |
| 906 ## - LOCAL DATA ELEMENT F, LDF (RLIN) | |
| a | 7 |
| b | cbc |
| c | orignew |
| d | 3 |
| e | ncip |
| f | 19 |
| g | y-gencatlg |
| 942 ## - ADDED ENTRY ELEMENTS (KOHA) | |
| Source of classification or shelving scheme | Library of Congress Classification |
| Koha item type | Monograph ( Printed materials) |
| Withdrawn status | Lost status | Source of classification or shelving scheme | Damaged status | Not for loan | Collection code | Home library | Current library | Shelving location | Date acquired | Total Checkouts | Full call number | Barcode | Date last seen | Price effective from | Koha item type |
|---|---|---|---|---|---|---|---|---|---|---|---|---|---|---|---|
| Library of Congress Classification | Main Collection | ARRUPE LIBRARY | ARRUPE LIBRARY | Main Collection | 21/01/2015 | HD7374.5.C46 P37 1981 | 46500003030 | 08/05/2018 | 21/01/2015 | Monograph ( Printed materials) |